Escolas de Magia - Statistics

Estatísticas Gerais
  • Esse quiz foi jogado 18 vezes
  • A pontuação média é 3 de 8
Estatísticas das Respostas
Hint Resposta % Correto
1 Hogwarts
100%
3 Durmstrang
44%
2 Castelobruxo
38%
5 Ilvermorny
38%
4 Beauxbatons
31%
8 Uagadou
31%
7 Koldovstoretz
25%
6 Mahoutokoro
25%
Nenhum quiz correspondente encontrado
Distribuição das Pontuações
Porcentagem de Pessoas com Cada Pontuação
Percentil de Números Respondidos
Sua Pontuação Histórica
Você não jogou esse quiz